[Event "Gradiste op 3rd"]
[Site "Gradiste"]
[Date "2023.08.12"]
[Round "9"]
[White "Ljikar, Zoran"]
[Black "Mesic, Ado"]
[Result "1-0"]
[WhiteElo "2201"]
[BlackElo "1677"]
[PlyCount "69"]
[EventDate "2023.08.06"]
[EventType "swiss"]
[EventRounds "9"]
[EventCountry "CRO"]
[SourceTitle "EXT 2024"]
[Source "ChessBase"]
[SourceDate "2023.10.10"]
[SourceVersion "1"]
[SourceVersionDate "2023.10.10"]
[SourceQuality "1"]

1. d4 Nf6 2. Nc3 d5 3. Bg5 Nbd7 4. Nf3 e6 5. e4 dxe4 6. Nxe4 Be7 7. Nxf6+ Bxf6 8. Bxf6 Qxf6 9. Bd3 0-0 10. Qe2 Qe7 11. 0-0-0 a5 12. g4 c6 13. g5 a4 14. a3 Rb8 15. h4 b5 16. c3 f6 17. Qe4 f5 18. Qe2 Qd6 19. Kb1 Nb6 20. Qe5 Rd8 21. h5 Qxe5 22. Nxe5 Rd6 23. Rhe1 Kf8 24. Be2 Ke7 25. Bf3 Nd5 26. Nxc6+ Rxc6 27. Bxd5 Rd6 28. Bf3 Kf7 29. Re5 Bd7 30. Rde1 Bc6 31. Bxc6 Rxc6 32. d5 exd5 33. Rxf5+ Kg8 34. Rxd5 Rc7 35. f4 1-0

[Event "Gradiste op 3rd"]
[Site "Gradiste"]
[Date "2023.08.10"]
[Round "7"]
[White "Ljikar, Zoran"]
[Black "Mladenovic, Velisa"]
[Result "1/2-1/2"]
[WhiteElo "2201"]
[BlackElo "2006"]
[PlyCount "80"]
[EventDate "2023.08.06"]
[EventType "swiss"]
[EventRounds "9"]
[EventCountry "CRO"]
[SourceTitle "EXT 2024"]
[Source "ChessBase"]
[SourceDate "2023.10.10"]
[SourceVersion "1"]
[SourceVersionDate "2023.10.10"]
[SourceQuality "1"]

1. e4 c6 2. d4 d5 3. Nc3 dxe4 4. Nxe4 Nd7 5. Ng5 Ngf6 6. Bd3 h6 7. Ne6 Qb6 8. Nf3 c5 9. Nxf8 Nxf8 10. h3 a6 11. 0-0 Ne6 12. dxc5 Nxc5 13. Be3 Qd6 14. Bxc5 Qxc5 15. a3 Bd7 16. Qe2 e6 17. Ne5 Rd8 18. c4 Ba4 19. Rab1 Bb3 20. Rbc1 a5 21. Kh1 0-0 22. f4 Nd7 23. Qe4 f5 24. Nxd7 Rxd7 25. Qxe6+ Rff7 26. Qe8+ Kh7 27. Rc3 a4 28. Re1 Qf2 29. Qe2 Qxe2 30. Rxe2 g6 31. Bc2 Bxc2 32. Rexc2 Rd1+ 33. Kh2 Re7 34. c5 Re4 35. Rc4 Rdd4 36. Rxd4 Rxd4 37. Kg3 Kg7 38. c6 bxc6 39. Rxc6 Rd3+ 40. Kh2 Rd4 1/2-1/2

[Event "Bosnjaci op 27th"]
[Site "Bosnjaci"]
[Date "2023.01.09"]
[Round "9"]
[White "Jelecevic, Ivo"]
[Black "Ljikar, Zoran"]
[Result "1/2-1/2"]
[WhiteElo "2099"]
[BlackElo "2210"]
[PlyCount "127"]
[EventDate "2023.01.03"]
[EventType "swiss"]
[EventRounds "9"]
[EventCountry "CRO"]
[SourceTitle "CBM 212 Extra"]
[Source "ChessBase"]
[SourceDate "2023.03.31"]
[SourceVersion "1"]
[SourceVersionDate "2023.03.31"]
[SourceQuality "1"]

1. e4 c5 2. Nf3 e6 3. d4 cxd4 4. Nxd4 Nc6 5. Nc3 Qc7 6. g3 a6 7. Bg2 Nge7 8. 0-0 Ng6 9. h3 h5 10. Nxc6 bxc6 11. h4 Ne5 12. Qe1 d6 13. b3 Be7 14. f4 Ng4 15. Bf3 a5 16. Na4 Ba6 17. c4 0-0 18. Bb2 Qa7+ 19. Kh1 Qe3 20. Qxe3 Nxe3 21. Rf2 Ng4 22. Rd2 Bb7 23. c5 d5 24. Re1 Rfd8 25. exd5 cxd5 26. Bd4 Bc6 27. Nc3 Bf6 28. Bxg4 Bxd4 29. Rxd4 hxg4 30. a3 Rdb8 31. Rb1 Ra7 32. Kg1 f6 33. Kf2 Rab7 34. b4 e5 35. fxe5 fxe5 36. Rxd5 Bxd5 37. Nxd5 axb4 38. axb4 Rd7 39. Rd1 Rbd8 40. Ne7+ Kf7 41. Rxd7 Rxd7 42. Nc6 Ke6 43. Ke3 Kd5 44. Na5 Rf7 45. c6 Rf3+ 46. Kd2 Rf7 47. b5 Kc5 48. Nc4 Re7 49. c7 Rxc7 50. Nxe5 Kxb5 51. Ke3 Kc5 52. Kf4 Kd5 53. Nxg4 Ke6 54. Ne3 Rf7+ 55. Kg4 Ra7 56. Ng2 Ke5 57. Nf4 Ra4 58. Kg5 Ke4 59. Nh5 Kf3 60. Nxg7 Rg4+ 61. Kf6 Rxg3 62. h5 Rh3 63. Kg6 Rxh5 64. Kxh5 1/2-1/2

[Event "Bosnjaci op 27th"]
[Site "Bosnjaci"]
[Date "2023.01.04"]
[Round "2"]
[White "Grubisic, Ivica"]
[Black "Ljikar, Zoran"]
[Result "0-1"]
[WhiteElo "1912"]
[BlackElo "2210"]
[PlyCount "90"]
[EventDate "2023.01.03"]
[EventType "swiss"]
[EventRounds "9"]
[EventCountry "CRO"]
[SourceTitle "CBM 212 Extra"]
[Source "ChessBase"]
[SourceDate "2023.03.31"]
[SourceVersion "1"]
[SourceVersionDate "2023.03.31"]
[SourceQuality "1"]

1. Nf3 c5 2. c4 Nc6 3. Nc3 e5 4. e3 f5 5. d4 e4 6. Ne5 Nxe5 7. dxe5 Qc7 8. g3 Qxe5 9. Bg2 Nf6 10. 0-0 Be7 11. Qc2 0-0 12. b3 a6 13. Bb2 Qc7 14. Rad1 d6 15. Rfe1 Rb8 16. a4 Bd7 17. Bh3 Kh8 18. Rd2 Qc8 19. Bf1 Bc6 20. Red1 Qe6 21. Qc1 Rbd8 22. Nd5 Bxd5 23. cxd5 Qf7 24. Be2 Nd7 25. f4 exf3 26. Bxf3 Bf6 27. e4 Bxb2 28. Qxb2 Ne5 29. Bg2 fxe4 30. Bxe4 Qh5 31. Rf1 Rxf1+ 32. Kxf1 Rf8+ 33. Rf2 Rxf2+ 34. Qxf2 Qf7 35. Qxf7 Nxf7 36. Bf5 a5 37. Bd7 g6 38. Ke2 Kg7 39. Ke3 Kf6 40. Kf4 Ne5 41. Bb5 g5+ 42. Ke4 Ng4 43. h4 Nh6 44. hxg5+ Kxg5 45. Be2 Nf5 0-1

[Event "CRO Cup"]
[Site "Mali Losinj"]
[Date "2019.05.16"]
[Round "3.131"]
[White "Mufic, Goran"]
[Black "Ljikar, Zoran"]
[Result "1/2-1/2"]
[WhiteElo "2292"]
[BlackElo "2193"]
[PlyCount "26"]
[EventDate "2019.05.15"]
[EventType "team-swiss"]
[EventRounds "6"]
[EventCountry "CRO"]
[SourceTitle "CBM 190 Extra"]
[Source "ChessBase"]
[SourceDate "2019.07.15"]
[SourceVersion "1"]
[SourceVersionDate "2019.07.15"]
[SourceQuality "1"]
[WhiteTeam "Rijeka Junior"]
[BlackTeam "Zupanja Sladorana"]
[WhiteTeamCountry "CRO"]
[BlackTeamCountry "CRO"]

1. d4 Nf6 2. Nf3 c5 3. e3 e6 4. Bd3 d5 5. 0-0 Nc6 6. b3 Be7 7. Nbd2 0-0 8. Bb2 b6 9. Ne5 Bb7 10. a3 Nxe5 11. dxe5 Ne4 12. Nxe4 dxe4 13. Bb5 a6 1/2-1/2

[Event "Osijek op 12th"]
[Site "Osijek"]
[Date "2019.02.24"]
[Round "7.3"]
[White "Ljikar, Zoran"]
[Black "Stocko, Josip"]
[Result "0-1"]
[WhiteElo "2205"]
[BlackElo "2294"]
[PlyCount "37"]
[EventDate "2019.02.21"]
[EventType "swiss"]
[EventRounds "7"]
[EventCountry "CRO"]
[SourceTitle "EXT 2023"]
[Source "ChessBase"]
[SourceDate "2022.10.05"]
[SourceVersion "1"]
[SourceVersionDate "2022.10.05"]
[SourceQuality "1"]

1. e4 c5 2. Nf3 d6 3. d4 cxd4 4. Nxd4 Nf6 5. Nc3 a6 6. Be2 e5 7. Nb3 Be7 8. 0-0 0-0 9. f4 Qc7 10. Be3 Be6 11. Qe1 Nbd7 12. Qg3 Kh8 13. Rad1 b5 14. a3 Rac8 15. Rd2 Bc4 16. f5 Nb6 17. Rfd1 Bxe2 18. Rxe2 Nc4 19. Bc1 0-1

[Event "Osijek op 12th"]
[Site "Osijek"]
[Date "2019.02.23"]
[Round "6.7"]
[White "Horvat, Damjan"]
[Black "Ljikar, Zoran"]
[Result "0-1"]
[WhiteElo "2049"]
[BlackElo "2205"]
[PlyCount "104"]
[EventDate "2019.02.21"]
[EventType "swiss"]
[EventRounds "7"]
[EventCountry "CRO"]
[SourceTitle "EXT 2023"]
[Source "ChessBase"]
[SourceDate "2022.10.05"]
[SourceVersion "1"]
[SourceVersionDate "2022.10.05"]
[SourceQuality "1"]

1. Nf3 c5 2. c3 Nf6 3. d4 d5 4. Bf4 Nc6 5. e3 Qb6 6. Qb3 c4 7. Qc2 Bf5 8. Qc1 e6 9. h3 h6 10. Nbd2 Be7 11. Be2 0-0 12. 0-0 Qa5 13. b4 Qd8 14. a4 Ne4 15. Nxe4 Bxe4 16. Nd2 Bh7 17. Bf3 f5 18. Bd1 g5 19. Bh2 Bd6 20. Bxd6 Qxd6 21. f4 Kh8 22. Nf3 Qe7 23. Ne5 Rg8 24. Qd2 Rg7 25. Kh2 Rag8 26. Rg1 gxf4 27. exf4 Nxe5 28. dxe5 Rg3 29. Bf3 Qh4 30. Raf1 Bg6 31. Qd4 a6 32. a5 Bh5 33. Bxh5 Qxh5 34. Qb6 Qe2 35. Rf2 Qe3 36. Qxe3 Rxe3 37. Rc1 Rgg3 38. Rfc2 Kg7 39. Kg1 Kf7 40. Kf2 Ke7 41. Kg1 Kd7 42. Kf2 Kc6 43. Kg1 Kb5 44. Kf2 h5 45. Kg1 h4 46. Kf1 Re4 47. Rf2 d4 48. cxd4 Rxd4 49. Rb1 Rb3 50. Ra1 Kxb4 51. Rf3 c3 52. g3 c2 0-1

[Event "Osijek op 12th"]
[Site "Osijek"]
[Date "2019.02.22"]
[Round "4.4"]
[White "Gavran, Marinko"]
[Black "Ljikar, Zoran"]
[Result "0-1"]
[WhiteElo "2030"]
[BlackElo "2205"]
[PlyCount "96"]
[EventDate "2019.02.21"]
[EventType "swiss"]
[EventRounds "7"]
[EventCountry "CRO"]
[SourceTitle "EXT 2023"]
[Source "ChessBase"]
[SourceDate "2022.10.05"]
[SourceVersion "1"]
[SourceVersionDate "2022.10.05"]
[SourceQuality "1"]

1. d4 Nf6 2. c4 e6 3. Nc3 c5 4. d5 exd5 5. cxd5 g6 6. e4 d6 7. f4 Bg7 8. Bb5+ Nfd7 9. a4 0-0 10. Nf3 Na6 11. 0-0 Nc7 12. Bc4 Nb6 13. Ba2 Bg4 14. h3 Bxf3 15. Qxf3 Na6 16. Be3 Nb4 17. Rad1 Nxa2 18. Nxa2 Nxa4 19. b3 Nb6 20. e5 dxe5 21. Bxc5 e4 22. Qxe4 Re8 23. Qd3 Rc8 24. b4 Na4 25. Qb5 Nxc5 26. bxc5 a6 27. Qxb7 Rxc5 28. f5 Rb5 29. Qxa6 Rxd5 30. fxg6 hxg6 31. Rxd5 Qxd5 32. Nc1 Bd4+ 33. Kh1 Re3 34. Qc8+ Kg7 35. Rd1 Qe4 36. Rf1 f5 37. Qd7+ Kh6 38. Kh2 Qe5+ 39. Kh1 Re1 40. Qb5 Qxb5 41. Rxe1 Ba7 42. Rd1 Qe5 43. Rf1 Bb8 44. Kg1 g5 45. Nd3 Qh2+ 46. Kf2 Qg3+ 47. Ke2 Qxg2+ 48. Nf2 Ba7 0-1

[Event "Osijek op 12th"]
[Site "Osijek"]
[Date "2019.02.22"]
[Round "3.9"]
[White "Ljikar, Zoran"]
[Black "Turicar, Goran"]
[Result "1-0"]
[WhiteElo "2205"]
[BlackElo "1866"]
[PlyCount "89"]
[EventDate "2019.02.21"]
[EventType "swiss"]
[EventRounds "7"]
[EventCountry "CRO"]
[SourceTitle "EXT 2023"]
[Source "ChessBase"]
[SourceDate "2022.10.05"]
[SourceVersion "1"]
[SourceVersionDate "2022.10.05"]
[SourceQuality "1"]

1. e4 c5 2. Nc3 e6 3. g3 a6 4. Bg2 Nc6 5. d3 Nf6 6. f4 d6 7. Nf3 Be7 8. 0-0 0-0 9. h3 Qc7 10. g4 Rb8 11. f5 b5 12. Bf4 b4 13. Na4 e5 14. Bh2 Bd7 15. b3 Nd4 16. Nb2 Bb5 17. a4 bxa3 18. Rxa3 a5 19. Nxd4 cxd4 20. Qd2 Rfc8 21. Nc4 Bxc4 22. bxc4 Bd8 23. g5 Nd7 24. f6 Nc5 25. h4 Rb7 26. fxg7 Kxg7 27. Qe2 Rcb8 28. Qh5 Rb1 29. Ra1 Rxa1 30. Rxa1 Qd7 31. Rf1 Rb7 32. Qf3 Qa4 33. Qh5 Qxc2 34. Bh3 Qxd3 35. Bf5 Qxc4 36. Qh6+ Kg8 37. Bxh7+ Kh8 38. Bg6+ Kg8 39. Qh7+ Kf8 40. Qh8+ Ke7 41. Rxf7+ Qxf7 42. Bxf7 Kxf7 43. Qxd8 Rd7 44. Qxa5 Nxe4 45. Qd5+ 1-0

[Event "Bosnjaci op 24th"]
[Site "Bosnjaci"]
[Date "2019.01.09"]
[Round "9"]
[White "Ljikar, Zoran"]
[Black "Borzan, Andrej"]
[Result "1-0"]
[WhiteElo "2207"]
[BlackElo "1818"]
[PlyCount "107"]
[EventDate "2019.01.03"]
[EventType "swiss"]
[EventRounds "9"]
[EventCountry "CRO"]
[SourceTitle "CBM 188 Extra"]
[Source "ChessBase"]
[SourceDate "2019.02.26"]
[SourceVersion "1"]
[SourceVersionDate "2019.02.26"]
[SourceQuality "1"]

1. e4 d6 2. d4 Nf6 3. Nc3 g6 4. Be3 Bg7 5. Qd2 0-0 6. 0-0-0 Nbd7 7. Bh6 c5 8. d5 a6 9. h4 b5 10. f3 b4 11. Nce2 a5 12. h5 a4 13. Bxg7 Kxg7 14. hxg6 fxg6 15. Qh6+ Kg8 16. Nh3 Ne5 17. Ng5 Nf7 18. Nxf7 Rxf7 19. Nf4 Qf8 20. Qh2 Qg7 21. e5 dxe5 22. Ne6 Bxe6 23. dxe6 Rff8 24. Qxe5 a3 25. b3 Rfd8 26. Bb5 Rac8 27. Rhe1 Nh5 28. Rd7 Kf8 29. Qxg7+ Nxg7 30. Re5 h6 31. Rxd8+ Rxd8 32. Bd7 Nf5 33. Rxc5 Nd6 34. c3 Rb8 35. Kd2 Kg7 36. cxb4 Rxb4 37. Ra5 Rh4 38. Ke2 Nf5 39. Rxa3 g5 40. Ra5 Kf6 41. g4 Rh2+ 42. Kd3 Nd6 43. Ra8 Rh3 44. Ke2 h5 45. gxh5 Rxh5 46. a4 Ke5 47. a5 Rh2+ 48. Kd3 Rh3 49. Rf8 Nf5 50. a6 Rxf3+ 51. Kd2 Rf2+ 52. Kc3 Ra2 53. Ba4 Nd6 54. Kb4 1-0

[Event "Bosnjaci op 24th"]
[Site "Bosnjaci"]
[Date "2019.01.03"]
[Round "1"]
[White "Ljikar, Zoran"]
[Black "Baricevic, Ivan"]
[Result "1-0"]
[WhiteElo "2207"]
[BlackElo "1643"]
[PlyCount "45"]
[EventDate "2019.01.03"]
[EventType "swiss"]
[EventRounds "9"]
[EventCountry "CRO"]
[SourceTitle "CBM 188 Extra"]
[Source "ChessBase"]
[SourceDate "2019.02.26"]
[SourceVersion "1"]
[SourceVersionDate "2019.02.26"]
[SourceQuality "1"]

1. e4 e5 2. Bc4 Nf6 3. d3 h6 4. Nf3 d6 5. 0-0 Be7 6. c3 0-0 7. Re1 Bg4 8. h3 Bh5 9. Nbd2 Nc6 10. Bb3 a6 11. Nf1 Na5 12. Bc2 d5 13. exd5 Qxd5 14. g4 e4 15. gxh5 exf3 16. Rxe7 Qxh5 17. Ng3 Qxh3 18. Qxf3 Rae8 19. Rxe8 Rxe8 20. Bd2 Nc6 21. d4 Ng4 22. Qg2 Qh4 23. Nf5 1-0

[Event "Bosnjaci op 23rd"]
[Site "Bosnjaci"]
[Date "2018.01.07"]
[Round "7"]
[White "Kurtovic, Nedzad"]
[Black "Ljikar, Zoran"]
[Result "0-1"]
[WhiteElo "1954"]
[BlackElo "2192"]
[PlyCount "84"]
[EventDate "2018.01.03"]
[EventType "swiss"]
[EventRounds "9"]
[EventCountry "CRO"]
[SourceTitle "CBM 182 Extra"]
[Source "ChessBase"]
[SourceDate "2018.02.23"]
[SourceVersion "1"]
[SourceVersionDate "2018.02.23"]
[SourceQuality "1"]

1. e4 c5 2. Nf3 e6 3. d4 cxd4 4. Nxd4 Nc6 5. Be3 Nf6 6. Nc3 Qc7 7. f4 Bb4 8. Ndb5 Qb8 9. a3 Bxc3+ 10. Nxc3 d6 11. e5 dxe5 12. Bc5 Nd5 13. Qg4 g6 14. Nb5 b6 15. Bd6 Qb7 16. 0-0-0 a6 17. Nc3 Ne3 18. Qg5 Nxd1 19. Bb5 axb5 20. Rxd1 Ra5 21. fxe5 f5 22. Bb4 Rg8 23. Bxa5 bxa5 24. a4 bxa4 25. Nxa4 Qb5 26. b3 Qxe5 27. Nb6 Qa1+ 28. Kd2 Qd4+ 29. Kc1 Qxb6 30. Qd2 Kf7 31. Qh6 Rh8 32. h4 Qc5 33. h5 Nd4 34. c4 Qa3+ 35. Kd2 Qb2+ 36. Ke3 Qe2+ 37. Kxd4 Qxd1+ 38. Kc5 Qg1+ 39. Kc6 Qxg2+ 40. Kc5 Qf2+ 41. Kc6 Qf3+ 42. Kc5 Qxh5 0-1

[Event "Bosnjaci op 23rd"]
[Site "Bosnjaci"]
[Date "2018.01.04"]
[Round "2"]
[White "Ljikar, Zoran"]
[Black "Mican, Karmela"]
[Result "1-0"]
[WhiteElo "2192"]
[BlackElo "1873"]
[PlyCount "65"]
[EventDate "2018.01.03"]
[EventType "swiss"]
[EventRounds "9"]
[EventCountry "CRO"]
[SourceTitle "CBM 182 Extra"]
[Source "ChessBase"]
[SourceDate "2018.02.23"]
[SourceVersion "1"]
[SourceVersionDate "2018.02.23"]
[SourceQuality "1"]

1. e4 e5 2. Bc4 Nf6 3. d3 Bc5 4. Nf3 d6 5. 0-0 0-0 6. c3 h6 7. a4 a6 8. Nbd2 Be6 9. Bb3 Bxb3 10. Qxb3 Qc8 11. Re1 Nc6 12. Nf1 Re8 13. Ng3 Rb8 14. Nh4 Qe6 15. Qc2 Ne7 16. Bd2 d5 17. Nhf5 dxe4 18. dxe4 Nxf5 19. Nxf5 Rbd8 20. Rad1 Rd7 21. Bc1 Red8 22. Rxd7 Rxd7 23. h3 Bb6 24. Qe2 Qb3 25. Qf3 Qe6 26. Qg3 Nh5 27. Qg4 Qg6 28. Nxh6+ gxh6 29. Qxd7 Nf6 30. Qf5 Qg7 31. Be3 h5 32. Bxb6 cxb6 33. Qxe5 1-0

[Event "Bosnjaci op 23rd"]
[Site "Bosnjaci"]
[Date "2018.01.04"]
[Round "3"]
[White "Radovanovic, Nikola"]
[Black "Ljikar, Zoran"]
[Result "1-0"]
[WhiteElo "2441"]
[BlackElo "2192"]
[PlyCount "67"]
[EventDate "2018.01.03"]
[EventType "swiss"]
[EventRounds "9"]
[EventCountry "CRO"]
[SourceTitle "CBM 182 Extra"]
[Source "ChessBase"]
[SourceDate "2018.02.23"]
[SourceVersion "1"]
[SourceVersionDate "2018.02.23"]
[SourceQuality "1"]

1. d4 c5 2. d5 e5 3. e4 d6 4. Nc3 Nd7 5. Nf3 Be7 6. Be2 Ngf6 7. 0-0 0-0 8. Nd2 Ne8 9. a4 g6 10. Nc4 Ng7 11. Bh6 Kh8 12. Qd2 Nf6 13. f4 exf4 14. e5 Ng8 15. Bxf4 dxe5 16. Bxe5 Bg5 17. Bf4 Bxf4 18. Qxf4 Bf5 19. Qd2 Rb8 20. a5 Nf6 21. Bf3 Re8 22. Nb5 Kg8 23. Nxa7 Ne4 24. Qd1 Bd7 25. Re1 Ng5 26. Rxe8+ Qxe8 27. a6 b5 28. Nd6 Qe5 29. Naxb5 Bxb5 30. Nxb5 Nxf3+ 31. Qxf3 Qxb2 32. Rf1 f5 33. a7 Rd8 34. Nc7 1-0

[Event "Bosnjaci op 22nd"]
[Site "Bosnjaci"]
[Date "2017.01.05"]
[Round "4"]
[White "Ljikar, Zoran"]
[Black "Klasan, Elvis"]
[Result "1-0"]
[WhiteElo "2211"]
[BlackElo "1971"]
[PlyCount "49"]
[EventDate "2017.01.03"]
[EventType "swiss"]
[EventRounds "9"]
[EventCountry "CRO"]
[SourceTitle "CBM 176 Extra"]
[Source "ChessBase"]
[SourceDate "2017.03.02"]
[SourceVersion "1"]
[SourceVersionDate "2017.03.02"]
[SourceQuality "1"]

1. e4 g6 2. d4 Bg7 3. Nc3 d5 4. e5 Nh6 5. f4 f6 6. h3 0-0 7. Nf3 Nf7 8. Be3 c6 9. Qd2 f5 10. 0-0-0 b5 11. Bd3 a5 12. Rdg1 a4 13. g4 e6 14. gxf5 exf5 15. h4 b4 16. Nd1 Nh6 17. h5 b3 18. cxb3 axb3 19. a3 Ng4 20. hxg6 h6 21. Rh5 Qa5 22. Nh4 Qxd2+ 23. Bxd2 Ba6 24. Bxa6 Nxa6 25. Nxf5 1-0

[Event "CRO Cup"]
[Site "Mali Losinj"]
[Date "2016.05.08"]
[Round "6.112"]
[White "Ljikar, Zoran"]
[Black "Fattorich, Igor"]
[Result "1/2-1/2"]
[WhiteElo "2241"]
[BlackElo "1947"]
[PlyCount "58"]
[EventDate "2016.05.04"]
[EventType "team-swiss"]
[EventRounds "6"]
[EventCountry "CRO"]
[SourceTitle "CBM 172 Extra"]
[Source "ChessBase"]
[SourceDate "2016.06.21"]
[SourceVersion "1"]
[SourceVersionDate "2016.06.21"]
[SourceQuality "1"]
[WhiteTeam "Pacetin Sloga"]
[BlackTeam "Rovinj Batana"]
[WhiteTeamCountry "CRO"]
[BlackTeamCountry "CRO"]

1. e4 b6 2. d4 Bb7 3. Bd3 e6 4. Nf3 Nf6 5. Qe2 d5 6. exd5 Qxd5 7. 0-0 Bd6 8. Nc3 Qh5 9. Ne4 Nxe4 10. Bxe4 Nc6 11. Qc4 Na5 12. Qd3 0-0 13. Bxb7 Nxb7 14. b3 Rad8 15. Qe4 Qd5 16. Qe2 a5 17. c4 Qh5 18. Qe4 Rb8 19. Bb2 a4 20. Rad1 axb3 21. axb3 Na5 22. Rd3 c5 23. dxc5 Bxc5 24. Be5 Rbd8 25. Rxd8 Rxd8 26. b4 Bxb4 27. Bc7 Rc8 28. Bxb6 Nxc4 29. Bd4 Qd5 1/2-1/2

[Event "CRO Cup"]
[Site "Mali Losinj"]
[Date "2016.05.04"]
[Round "1.32"]
[White "Martinovic, Sasa"]
[Black "Ljikar, Zoran"]
[Result "1-0"]
[WhiteElo "2529"]
[BlackElo "2241"]
[PlyCount "47"]
[EventDate "2016.05.04"]
[EventType "team-swiss"]
[EventRounds "6"]
[EventCountry "CRO"]
[SourceTitle "CBM 172 Extra"]
[Source "ChessBase"]
[SourceDate "2016.06.21"]
[SourceVersion "1"]
[SourceVersionDate "2016.06.21"]
[SourceQuality "1"]
[WhiteTeam "Solin Cemex"]
[BlackTeam "Pacetin Sloga"]
[WhiteTeamCountry "CRO"]
[BlackTeamCountry "CRO"]

1. Nf3 d5 2. d4 Nf6 3. c4 c6 4. Nc3 e6 5. e3 Nbd7 6. Qc2 Bd6 7. g4 h6 8. Rg1 dxc4 9. Bxc4 Nd5 10. Ne4 Bb4+ 11. Bd2 Bxd2+ 12. Qxd2 N7f6 13. Nxf6+ Nxf6 14. 0-0-0 b6 15. Ne5 Bb7 16. f4 Nd7 17. Qc2 Qe7 18. f5 Nxe5 19. dxe5 exf5 20. e6 fxe6 21. gxf5 Rd8 22. Bxe6 Rxd1+ 23. Qxd1 c5 24. Qa4+ 1-0

[Event "CRO-chT2 Ost"]
[Site "Croatia"]
[Date "2016.04.16"]
[Round "2.43"]
[White "Ljikar, Zoran"]
[Black "Vidalina, Franja"]
[Result "1-0"]
[WhiteElo "2253"]
[BlackElo "2059"]
[PlyCount "77"]
[EventDate "2016.04.16"]
[EventType "team-tourn"]
[EventRounds "11"]
[EventCountry "CRO"]
[SourceTitle "EXT 2019"]
[Source "ChessBase"]
[SourceDate "2018.10.10"]
[SourceVersion "1"]
[SourceVersionDate "2018.10.10"]
[SourceQuality "1"]

1. e4 c5 2. Nc3 Nc6 3. g3 g6 4. Bg2 Bg7 5. d3 e6 6. Be3 d6 7. Qd2 Nge7 8. Bh6 0-0 9. h4 Nd4 10. Bxg7 Kxg7 11. h5 Rh8 12. h6+ Kf8 13. Nce2 Nec6 14. c3 Nxe2 15. Nxe2 e5 16. 0-0 Bg4 17. f3 Be6 18. Rf2 g5 19. d4 Bc4 20. d5 Nb8 21. Bh3 Bxe2 22. Qxe2 a6 23. a3 Qf6 24. Rh2 Ke7 25. Bf5 Nd7 26. Qe3 Nb6 27. Rd1 Nc4 28. Qc1 b5 29. Rh5 Rag8 30. b3 Nb6 31. Qe3 Kd8 32. Qf2 Kc7 33. a4 Nd7 34. b4 Ra8 35. a5 Rhb8 36. Qe3 Rg8 37. Kf2 c4 38. Rdh1 Rh8 39. Rxg5 1-0